[Event "EIRCC 2019"]
[Site "Tallinn"]
[Date "2019.12.05"]
[Round "1.13"]
[White "Fischer, Erik"]
[Black "Sanal, Vahap"]
[Result "0-1"]
[WhiteElo "1969"]
[BlackElo "2597"]
[Annotator "ChessBase"]
[PlyCount "84"]
[EventDate "2019.12.05"]
[EventType "swiss"]
[EventCountry "EST"]
[SourceTitle "playchess.com"]
[Source "ChessBase"]
[SourceQuality "1"]
[TimeControl "900+10"]

1. e4 {[%emt 0:00:00]} Nc6 {[%emt 0:00:00]} 2. Nf3 {[%emt 0:00:10]} d6 {[%emt 0:00:00]} 3. d4 {[%emt 0:00:02]} Nf6 {[%emt 0:00:01]} 4. Nc3 {[%emt 0:00:01]} g6 {[%emt 0:00:02]} 5. Be2 Bg7 6. O-O {[%emt 0:00:19]} O-O {[%emt 0:00:13]} 7. d5 {[%emt 0:00:09]} Nb8 {[%emt 0:00:01]} 8. Re1 {[%emt 0:01:45]} c6 {[%emt 0:00:03]} 9. a4 {[%emt 0:00:13]} Bg4 {[%emt 0:00:13]} 10. a5 {[%emt 0:00:45]} Qc7 {[%emt 0:00:19]} 11. Be3 {[%emt 0:00:18]} Nbd7 {[%emt 0:00:15]} 12. a6 {[%emt 0:01:51]} cxd5 {[%emt 0:00:21]} 13. axb7 {[%emt 0:00:48]} Qxb7 {[%emt 0:00:06]} 14. exd5 {[%emt 0:00:29]} Qxb2 {[%emt 0:01:35]} 15. Nb5 {[%emt 0:01:16]} Bxf3 {[%emt 0:00:14]} 16. gxf3 {[%emt 0:00:37]} Qe5 {[%emt 0:00:18]} 17. c4 {[%emt 0:00:32]} Nh5 {[%emt 0:00:19]} 18. Qd2 {[%emt 0:01:33]} Qf5 {[%emt 0:00:16]} 19. Nd4 {[%emt 0:00:43]} Qf6 {[%emt 0:00:24]} 20. Nc6 {[%emt 0:01:01]} h6 {[%emt 0:01:03]} 21. Bd4 {[%emt 0:00:46]} Ne5 {[%emt 0:00:12]} 22. Qe3 {[%emt 0:02:20]} Nf4 {[%emt 0:00:13]} 23. Bf1 {[%emt 0:00:34]} Qg5+ {[%emt 0:00:08]} 24. Kh1 {[%emt 0:00:01]} Nxc6 {[%emt 0:00:36]} 25. Bxg7 {[%emt 0:00:10]} Kxg7 {[%emt 0:00:02]} 26. dxc6 {[%emt 0:00:01]} Ne6 {[%emt 0:01:16]} 27. Ra3 {[%emt 0:00:53]} Rfc8 {[%emt 0:00:21]} 28. Qe4 {[%emt 0:00:57]} Rc7 {[%emt 0:00:10]} 29. Rea1 {[%emt 0:00:02]} Nc5 {[%emt 0:00:06]} 30. Qd4+ {[%emt 0:00:07]} Qf6 {[%emt 0:00:01]} 31. Qxf6+ {[%emt 0:00:01]} Kxf6 {[%emt 0:00:01]} 32. f4 {[%emt 0:00:11]} a5 {[%emt 0:00:02]} 33. Bg2 {[%emt 0:00:01]} a4 {[%emt 0:00:01]} 34. Rb1 {[%emt 0:00:17]} Rcc8 {[%emt 0:00:06]} 35. Ra2 {[%emt 0:00:33]} Rab8 {[%emt 0:00:03]} 36. Rab2 {[%emt 0:00:01]} Rxb2 {[%emt 0:00:01]} 37. Rxb2 {[%emt 0:00:01]} Rc7 {[%emt 0:00:10]} 38. Rb7 {[%emt 0:00:34]} Rxb7 {[%emt 0:00:04]} 39. cxb7 {[%emt 0:00:01]} Nxb7 {[%emt 0:00:02]} 40. Bxb7 {[%emt 0:00:01]} a3 {[%emt 0:00:01]} 41. c5 {[%emt 0:00:03]} a2 {[%emt 0:00:03]} 42. c6 {[%emt 0:00:01]} a1=Q+ {[%emt 0:00:03]} 0-1

[Event "EIRCC 2019"]
[Site "Tallinn"]
[Date "2019.12.05"]
[Round "1.14"]
[White "Riazantsev, Alexander"]
[Black "Ketlerius, Arijus"]
[Result "1-0"]
[WhiteElo "2594"]
[BlackElo "1969"]
[Annotator "ChessBase"]
[PlyCount "95"]
[EventDate "2019.12.05"]
[EventType "swiss"]
[EventCountry "EST"]
[SourceTitle "playchess.com"]
[Source "ChessBase"]
[SourceQuality "1"]
[TimeControl "900+10"]

1. d4 {[%emt 0:00:00]} Nf6 {[%emt 0:00:00]} 2. c4 {[%emt 0:00:00]} c5 {[%emt 0:00:00]} 3. d5 {[%emt 0:00:00]} e6 {[%emt 0:00:00]} 4. Nc3 {[%emt 0:00:00]} exd5 {[%emt 0:00:00]} 5. cxd5 {[%emt 0:00:00]} d6 {[%emt 0:00:00]} 6. Nf3 {[%emt 0:00:02]} g6 {[%emt 0:00:00]} 7. Bf4 {[%emt 0:00:01]} a6 {[%emt 0:00:00]} 8. a4 {[%emt 0:00:02]} Bg7 {[%emt 0:00:00]} 9. h3 {[%emt 0:00:04]} O-O {[%emt 0:00:00]} 10. e3 {[%emt 0:00:05]} Re8 {[%emt 0:00:00]} 11. Nd2 {[%emt 0:00:02]} Nbd7 {[%emt 0:00:01]} 12. Be2 {[%emt 0:00:10]} Ne5 {[%emt 0:00:13]} 13. O-O {[%emt 0:00:04]} Qc7 {[%emt 0:00:14]} 14. Re1 {[%emt 0:00:32]} Rb8 {[%emt 0:00:02]} 15. Bh2 {[%emt 0:00:15]} g5 {[%emt 0:00:13]} 16. Bxe5 {[%emt 0:01:51]} Rxe5 {[%emt 0:00:02]} 17. Nf3 {[%emt 0:00:01]} Re8 {[%emt 0:00:17]} 18. Nxg5 {[%emt 0:00:02]} h6 {[%emt 0:00:05]} 19. Nf3 {[%emt 0:00:05]} Ne4 {[%emt 0:00:01]} 20. Qc2 {[%emt 0:04:09]} Nxc3 {[%emt 0:00:11]} 21. bxc3 {[%emt 0:00:01]} b5 {[%emt 0:00:01]} 22. axb5 {[%emt 0:00:01]} axb5 {[%emt 0:00:01]} 23. Rab1 {[%emt 0:01:14]} Qa5 {[%emt 0:00:26]} 24. Rec1 {[%emt 0:00:17]} Bd7 {[%emt 0:00:21]} 25. Nd2 {[%emt 0:00:09]} Qd8 {[%emt 0:00:11]} 26. Bg4 {[%emt 0:00:58]} Bxg4 {[%emt 0:00:57]} 27. hxg4 {[%emt 0:00:01]} Qh4 {[%emt 0:00:02]} 28. Qd3 {[%emt 0:00:59]} Qxg4 {[%emt 0:01:59]} 29. Rxb5 {[%emt 0:00:17]} Rxb5 {[%emt 0:00:01]} 30. Qxb5 {[%emt 0:00:01]} Re5 {[%emt 0:00:01]} 31. c4 {[%emt 0:01:52]} Rg5 {[%emt 0:00:06]} 32. Qe8+ {[%emt 0:00:08]} Bf8 {[%emt 0:03:21]} 33. Qe4 {[%emt 0:00:04]} Qxe4 {[%emt 0:00:32]} 34. Nxe4 {[%emt 0:00:01]} Re5 {[%emt 0:00:01]} 35. Nd2 {[%emt 0:00:13]} Re8 {[%emt 0:00:08]} 36. g4 {[%emt 0:00:09]} Rb8 {[%emt 0:00:07]} 37. Rc2 {[%emt 0:00:25]} Rb4 {[%emt 0:00:15]} 38. Kg2 {[%emt 0:00:06]} Bg7 {[%emt 0:00:09]} 39. Ne4 {[%emt 0:00:01]} Bf8 {[%emt 0:00:03]} 40. Ng3 {[%emt 0:00:05]} Kg7 {[%emt 0:00:11]} 41. f4 {[%emt 0:00:07]} Kf6 {[%emt 0:00:03]} 42. Kf3 {[%emt 0:00:02]} Rb1 {[%emt 0:00:09]} 43. Ne4+ {[%emt 0:00:15]} Ke7 {[%emt 0:00:10]} 44. Ra2 {[%emt 0:00:10]} Rb7 {[%emt 0:00:09]} 45. Ra8 {[%emt 0:00:19]} Bg7 {[%emt 0:00:33]} 46. Ng3 {[%emt 0:00:02]} Rd7 {[%emt 0:00:20]} 47. Nf5+ {[%emt 0:00:05]} Kf6 {[%emt 0:00:01]} 48. Rg8 {[%emt 0:00:18]} 1-0

[Event "EIRCC 2019"]
[Site "Tallinn"]
[Date "2019.12.05"]
[Round "1.15"]
[White "Pogrebnojs, Dmitrijs"]
[Black "Esipenko, Andrey"]
[Result "0-1"]
[WhiteElo "1969"]
[BlackElo "2590"]
[Annotator "ChessBase"]
[PlyCount "52"]
[EventDate "2019.12.05"]
[EventType "swiss"]
[EventCountry "EST"]
[SourceTitle "playchess.com"]
[Source "ChessBase"]
[SourceQuality "1"]
[TimeControl "900+10"]

1. e4 {[%emt 0:00:00]} c6 {[%emt 0:00:00]} 2. d4 {[%emt 0:00:00]} d5 {[%emt 0:00:00]} 3. e5 {[%emt 0:00:28]} Bf5 {[%emt 0:00:05]} 4. Nf3 {[%emt 0:00:02]} e6 {[%emt 0:00:09]} 5. Be2 {[%emt 0:00:02]} Ne7 {[%emt 0:00:25]} 6. O-O {[%emt 0:00:02]} c5 {[%emt 0:00:13]} 7. c4 {[%emt 0:00:02]} Nbc6 {[%emt 0:00:06]} 8. dxc5 {[%emt 0:00:03]} d4 {[%emt 0:01:10]} 9. Bd3 {[%emt 0:01:29]} Bxd3 {[%emt 0:00:04]} 10. Qxd3 {[%emt 0:00:01]} Ng6 {[%emt 0:00:03]} 11. Qe4 {[%emt 0:00:50]} Bxc5 {[%emt 0:00:10]} 12. Bf4 {[%emt 0:01:14]} Qb6 {[%emt 0:03:25]} 13. Nbd2 {[%emt 0:02:19]} O-O {[%emt 0:00:34]} 14. b3 {[%emt 0:00:04]} Bb4 {[%emt 0:00:22]} 15. h4 {[%emt 0:00:40]} Bc3 {[%emt 0:00:35]} 16. h5 {[%emt 0:02:14]} Nxf4 {[%emt 0:00:44]} 17. Qxf4 {[%emt 0:00:01]} Bxa1 {[%emt 0:02:01]} 18. h6 {[%emt 0:02:05]} f5 {[%emt 0:00:23]} 19. hxg7 {[%emt 0:00:46]} Kxg7 {[%emt 0:00:18]} 20. Qg5+ {[%emt 0:02:37]} Kh8 {[%emt 0:00:09]} 21. Rxa1 {[%emt 0:00:23]} Qc7 {[%emt 0:00:29]} 22. g3 {[%emt 0:00:25]} Qg7 {[%emt 0:00:10]} 23. Kg2 {[%emt 0:00:32]} f4 {[%emt 0:01:26]} 24. Rh1 {[%emt 0:00:10]} fxg3 {[%emt 0:00:14]} 25. fxg3 {[%emt 0:00:17]} Rf5 {[%emt 0:00:05]} 26. Rxh7+ {[%emt 0:01:15]} Qxh7 {[%emt 0:00:19]} 0-1

[Event "EIRCC 2019"]
[Site "Tallinn"]
[Date "2019.12.05"]
[Round "1.16"]
[White "Yuffa, Daniil"]
[Black "George, Matthew P"]
[Result "1-0"]
[WhiteElo "2587"]
[BlackElo "1961"]
[Annotator "ChessBase"]
[PlyCount "73"]
[EventDate "2019.12.05"]
[EventType "swiss"]
[EventCountry "EST"]
[SourceTitle "playchess.com"]
[Source "ChessBase"]
[SourceQuality "1"]
[TimeControl "900+10"]

1. d4 {[%emt 0:00:00]} Nf6 {[%emt 0:00:00]} 2. c4 {[%emt 0:00:00]} e6 {[%emt 0:00:00]} 3. g3 {[%emt 0:00:00]} d5 {[%emt 0:00:13]} 4. Bg2 {[%emt 0:00:01]} Bb4+ {[%emt 0:00:13]} 5. Bd2 {[%emt 0:00:01]} Be7 {[%emt 0:00:03]} 6. Nf3 {[%emt 0:00:03]} O-O {[%emt 0:00:06]} 7. O-O {[%emt 0:00:03]} c6 {[%emt 0:00:16]} 8. Bf4 {[%emt 0:00:19]} Nh5 {[%emt 0:00:56]} 9. Bc1 {[%emt 0:00:16]} Nf6 {[%emt 0:00:14]} 10. Nbd2 {[%emt 0:00:05]} Nbd7 {[%emt 0:00:04]} 11. Qc2 {[%emt 0:00:30]} b6 {[%emt 0:00:33]} 12. e4 {[%emt 0:00:05]} a5 {[%emt 0:00:24]} 13. Re1 {[%emt 0:00:23]} Ba6 {[%emt 0:01:05]} 14. e5 {[%emt 0:00:32]} Ne8 {[%emt 0:00:02]} 15. b3 {[%emt 0:00:17]} b5 {[%emt 0:01:31]} 16. c5 {[%emt 0:00:09]} b4 {[%emt 0:00:22]} 17. Nf1 {[%emt 0:00:12]} Nc7 {[%emt 0:00:36]} 18. Ne3 {[%emt 0:00:16]} Nb5 {[%emt 0:00:45]} 19. Bb2 {[%emt 0:00:03]} Nc7 {[%emt 0:01:23]} 20. h4 {[%emt 0:00:39]} Re8 {[%emt 0:00:31]} 21. h5 {[%emt 0:00:18]} h6 {[%emt 0:00:03]} 22. Ng4 {[%emt 0:00:20]} Nf8 {[%emt 0:01:03]} 23. a3 {[%emt 0:00:13]} bxa3 {[%emt 0:00:28]} 24. Rxa3 {[%emt 0:00:06]} Nb5 {[%emt 0:00:12]} 25. Ra4 {[%emt 0:00:03]} Nh7 {[%emt 0:00:14]} 26. Rea1 {[%emt 0:00:23]} Bb7 {[%emt 0:00:21]} 27. Qd2 {[%emt 0:00:08]} Ng5 {[%emt 0:00:09]} 28. Nxg5 {[%emt 0:00:06]} Bxg5 {[%emt 0:00:01]} 29. f4 {[%emt 0:00:05]} Be7 {[%emt 0:00:06]} 30. Bf1 {[%emt 0:00:40]} Qc7 {[%emt 0:00:58]} 31. Bd3 {[%emt 0:00:10]} Ra7 {[%emt 0:00:16]} 32. Bc2 {[%emt 0:00:13]} f5 {[%emt 0:00:21]} 33. exf6 {[%emt 0:00:09]} Bxf6 {[%emt 0:00:03]} 34. Qd3 {[%emt 0:00:17]} Qf7 {[%emt 0:00:19]} 35. Qh7+ {[%emt 0:00:09]} Kf8 {[%emt 0:00:01]} 36. Bg6 {[%emt 0:00:03]} Qd7 {[%emt 0:00:20]} 37. Nxf6 {[%emt 0:00:05]} 1-0

[Event "EIRCC 2019"]
[Site "Tallinn"]
[Date "2019.12.05"]
[Round "1.17"]
[White "Nahkur, Madis"]
[Black "Popov, Valerij"]
[Result "0-1"]
[WhiteElo "1960"]
[BlackElo "2583"]
[Annotator "ChessBase"]
[PlyCount "72"]
[EventDate "2019.12.05"]
[EventType "swiss"]
[EventCountry "EST"]
[SourceTitle "playchess.com"]
[Source "ChessBase"]
[SourceQuality "1"]
[TimeControl "900+10"]

1. e4 {[%emt 0:00:00]} c5 {[%emt 0:00:00]} 2. Nc3 {[%emt 0:00:00]} d6 {[%emt 0:00:00]} 3. g3 {[%emt 0:00:01]} Nc6 {[%emt 0:00:05]} 4. Bg2 {[%emt 0:00:05]} g6 {[%emt 0:00:02]} 5. Nge2 {[%emt 0:00:04]} Bg7 {[%emt 0:00:06]} 6. O-O {[%emt 0:00:10]} Rb8 {[%emt 0:01:10]} 7. d3 {[%emt 0:00:53]} b5 {[%emt 0:00:08]} 8. a3 {[%emt 0:00:03]} e6 {[%emt 0:01:02]} 9. Rb1 {[%emt 0:00:08]} a5 {[%emt 0:01:24]} 10. a4 {[%emt 0:00:03]} bxa4 {[%emt 0:00:36]} 11. Nxa4 {[%emt 0:00:02]} Nge7 {[%emt 0:00:00]} 12. Be3 {[%emt 0:00:32]} Ba6 {[%emt 0:00:45]} 13. Qd2 {[%emt 0:00:29]} h5 {[%emt 0:00:43]} 14. h4 {[%emt 0:00:38]} Nd4 {[%emt 0:00:36]} 15. Nac3 {[%emt 0:02:03]} O-O {[%emt 0:00:52]} 16. Nd1 {[%emt 0:01:29]} Nxe2+ {[%emt 0:01:59]} 17. Qxe2 {[%emt 0:00:02]} Nc6 {[%emt 0:00:11]} 18. Qd2 {[%emt 0:01:11]} c4 {[%emt 0:00:43]} 19. dxc4 {[%emt 0:02:42]} Ne5 {[%emt 0:00:01]} 20. Re1 {[%emt 0:01:08]} Nxc4 21. Qc1 Nxe3 {[%emt 0:00:38]} 22. Nxe3 {[%emt 0:00:44]} Qb6 {[%emt 0:00:12]} 23. c3 {[%emt 0:01:56]} Bd3 {[%emt 0:00:22]} 24. Ra1 {[%emt 0:00:01]} Qxb2 {[%emt 0:00:08]} 25. Qxb2 {[%emt 0:00:08]} Rxb2 {[%emt 0:00:01]} 26. Red1 {[%emt 0:00:01]} Be2 {[%emt 0:00:01]} 27. Rxd6 {[%emt 0:00:12]} Bxc3 {[%emt 0:00:02]} 28. Nd1 {[%emt 0:00:03]} Bxd1 {[%emt 0:00:16]} 29. Raxd1 {[%emt 0:00:01]} Bb4 {[%emt 0:00:35]} 30. Rd8 {[%emt 0:01:16]} Rxd8 {[%emt 0:00:12]} 31. Rxd8+ {[%emt 0:00:01]} Kg7 {[%emt 0:00:01]} 32. f3 {[%emt 0:01:29]} a4 {[%emt 0:00:02]} 33. Ra8 {[%emt 0:00:00]} a3 {[%emt 0:00:01]} 34. Kh2 {[%emt 0:00:15]} a2 {[%emt 0:00:11]} 35. Kh3 {[%emt 0:00:35]} Bc3 {[%emt 0:00:01]} 36. Bf1 {[%emt 0:00:08]} Rd2 {[%emt 0:00:03]} 0-1

[Event "EIRCC 2019"]
[Site "Tallinn"]
[Date "2019.12.05"]
[Round "1.18"]
[White "Khalifman, Alexander"]
[Black "Navumenka, Mikhei"]
[Result "1/2-1/2"]
[WhiteElo "2577"]
[BlackElo "1959"]
[Annotator "TA"]
[PlyCount "93"]
[EventDate "2019.12.05"]
[EventType "swiss"]
[EventCountry "EST"]
[SourceTitle "playchess.com"]
[Source "ChessBase"]
[SourceQuality "1"]

{[%evp 11,93,4,14,8,3,4,12,17,19,9,14,19,20,11,20,20,19,16,32,13,16,7,49,51,48,50,28,31,63,42,66,42,109,72,63,76,77,7,9,8,11,8,23,10,8,6,10,2,6,6,6,3,5,6,8,6,22,28,91,85,74,67,75,70,37,21,67,3,3,3,87,8,8,0,0,0,0,0,0,0,0,0,0,0]} 1. d4 Nf6 2. c4 e6 3. g3 d5 4. Bg2 Bb4+ 5. Nd2 {[%cal Bb1d2,Bd2f3,Bf3e5][%mdl 32]} O-O 6. Ngf3 c5 7. O-O {E01: Catalan: Early deviations} cxd4 8. Nxd4 Nc6 9. N2f3 (9. Nxc6 bxc6 10. Qc2 a5 11. Rd1 Ba6 12. b3 a4 13. Bb2 a3 14. Bc3 Qa5 {1-0 (37) Dubov,D (2661)-Grachev,B (2649) Moscow 2015}) 9... Bd6 $146 ({Predecessor:} 9... Bc5 10. Nxc6 bxc6 11. b3 a5 12. Bb2 a4 13. Qc2 Qb6 14. e3 axb3 15. axb3 Rxa1 16. Rxa1 {1-0 (41) Bai,J (2553)-Livaic,L (2470) Tarvisio 2017}) 10. Bg5 Be7 11. Rc1 h6 12. Bf4 Bd7 13. Nxc6 Bxc6 14. Ne5 Rc8 15. a3 Bd6 16. cxd5 exd5 17. Nxc6 bxc6 18. Bxd6 Qxd6 19. Qa4 Rc7 20. Rfd1 Rd8 21. e4 Qe5 (21... d4 $14) 22. Qd4 Qxd4 23. Rxd4 Rdc8 24. exd5 (24. Bh3 $16 Rd8 25. exd5 Rxd5 26. Rxd5 Nxd5 27. b4) 24... cxd5 $11 25. Rxc7 Rxc7 $16 {[%mdl 4096] Endgame KRB-KRN} 26. Kf1 Rc2 27. Bxd5 Rxb2 28. Bc4 (28. Bc6 {is interesting.} Kf8 29. Rc4 Ra2 30. a4 a5 31. Bb5) 28... g6 29. a4 Kg7 30. Bb5 Rc2 31. Ke1 h5 32. h3 Kf8 (32... Rb2 {is more complex.} 33. f3 Rg2 34. h4 a5 35. Kf1 Rb2) 33. Rc4 Rxc4 34. Bxc4 $11 {KB-KN} Ke7 (34... Ne4 $11 {remains equal.}) 35. Ke2 Nd7 {[#]} 36. Ke3 $1 f6 37. Kd4 Kd6 38. f4 g5 39. h4 ({Better is} 39. fxg5 $1 $14 fxg5 40. Ke4) 39... gxf4 40. gxf4 a5 (40... Nc5 $11 {keeps the balance.}) 41. Be2 (41. f5 $16) 41... Nc5 {The position is equal.} 42. Bb5 Ne6+ 43. Ke4 Ng7 44. f5 Kc5 45. Bd7 Kd6 46. Bc8 Ne8 47. Be6 {Accuracy: White = 53%, Black = 46%.} 1/2-1/2

[Event "EIRCC 2019"]
[Site "Tallinn"]
[Date "2019.12.05"]
[Round "1.19"]
[White "Kiseleva, Arina"]
[Black "Aleksandrov, Aleksej"]
[Result "1/2-1/2"]
[WhiteElo "1958"]
[BlackElo "2576"]
[Annotator "TA"]
[PlyCount "123"]
[EventDate "2019.12.05"]
[EventType "swiss"]
[EventCountry "EST"]
[SourceTitle "playchess.com"]
[Source "ChessBase"]
[SourceQuality "1"]

{[%evp 13,123,18,50,9,16,20,18,18,18,15,20,16,26,0,17,-31,-18,-33,-21,-21,-20,-24,-20,-29,-19,-28,-28,-31,-29,-27,-29,-29,-29,-29,-29,-29,-28,-40,-29,-28,-15,-16,-15,-41,-33,-104,-36,-56,-22,-52,-54,-154,-151,-150,-94,-94,-90,-97,-76,-76,-80,-102,0,0,8,7,16,0,3,0,0,0,0,0,0,0,0,0,0,0,0,0,0,0,0,0,0,0,0,0,0,0,0,0,0,0,0,0,0,0,0,0,0,0,0,0,0,0,0,0,0,0]} 1. d4 Nf6 2. Nf3 d5 3. e3 e6 4. Bd3 c5 5. b3 Nc6 6. O-O Bd6 7. Bb2 Qc7 8. Nbd2 {D05: Colle System with ...e6} (8. c4 dxc4 9. bxc4 O-O 10. Nc3 a6 11. d5 Ne7 12. a4 Rd8 13. e4 Ng6 14. h3 e5 15. Re1 Bd7 {1-0 (41) Romanov,E (2614)-Beerdsen,T (2460) Hoogeveen 2018}) 8... cxd4 9. exd4 Nb4 10. Bb5+ Bd7 11. Bxd7+ Nxd7 12. c4 O-O 13. g3 $146 (13. a3 $5 {[%cal Ra3b4]} Nc6 14. g3 $11) ({Predecessor:} 13. Qe2 Rfe8 14. Ne5 f6 15. Nxd7 Qxd7 {0-1 (65) Yurenok,M (1981)-Yakimenko,A (2091) St Petersburg 2009}) 13... Rfe8 14. cxd5 Nxd5 15. Nc4 Bf8 16. Rc1 Qd8 17. Qe2 h6 18. Rfd1 a6 19. Nce5 N7f6 20. h4 Rc8 21. Rxc8 Qxc8 22. Rc1 Qb8 23. Kg2 Rc8 24. Rxc8 Qxc8 25. Nd3 Qc6 26. Kg1 Nc3 27. Bxc3 Qxc3 28. Nf4 Bd6 $36 {[%mdl 2048] Black is more active.} 29. Ng2 {[#]} (29. Nd3 $15) 29... Nd5 (29... Qa1+ $1 $17 30. Nge1 Bb4) 30. Nge1 $15 Nb4 31. Kg2 b5 32. a4 (32. Qe4 $15) 32... bxa4 33. bxa4 {[#]} Qc6 ({Black should play} 33... Qb3 $1 34. a5 Qd5) 34. Qd1 $17 Qc4 35. Ne5 Bxe5 36. dxe5 Qe4+ 37. Nf3 Nd5 ({Better is} 37... Nc6 $17 38. Qb3 g5) 38. Qd4 $11 {The position is equal.} Qxd4 (38... Qc2 {looks sharper.} 39. Nd2 Qd1 40. Nf3 Qb3 41. Nd2 Qd1) 39. Nxd4 {[%mdl 4096] Endgame KN-KN} Kf8 40. f4 Ke8 41. Kf3 h5 42. a5 Kd7 43. Ke4 Nb4 44. Ke3 g6 45. Kd2 Nd5 46. Kd3 Kc7 47. Ke4 Nb4 48. Ke3 Kb7 49. Ke4 Nd5 50. Kd3 Ne7 51. Kc4 Kc7 52. Kc5 Nf5 $1 53. Nxf5 gxf5 {KP-KP} 54. Kd4 Kd7 55. Kd3 Ke7 56. Kd4 {Strongly threatening Kc5.} Kd8 57. Kc4 Kd7 {Hoping for ...Kc6.} 58. Kd3 Kc7 59. Kc3 Kc8 (59... Kc6 $5 60. Kc4 $8 Kd7 $11) 60. Kc4 Kd7 {White must now prevent ...Kc6.} 61. Kd3 Kc6 62. Kc4 {Accuracy: White = 48%, Black = 69%.} 1/2-1/2

[Event "EIRCC 2019"]
[Site "Tallinn"]
[Date "2019.12.05"]
[Round "1.21"]
[White "Vitenberg, Noam Aviv"]
[Black "Stupak, Kirill"]
[Result "0-1"]
[WhiteElo "1954"]
[BlackElo "2552"]
[Annotator "ChessBase"]
[PlyCount "68"]
[EventDate "2019.12.05"]
[EventType "swiss"]
[EventCountry "EST"]
[SourceTitle "playchess.com"]
[Source "ChessBase"]
[SourceQuality "1"]
[TimeControl "900+10"]

1. d4 {[%emt 0:00:00]} Nf6 {[%emt 0:00:00]} 2. c4 {[%emt 0:00:04]} e6 {[%emt 0:00:06]} 3. Nc3 {[%emt 0:00:09]} Bb4 {[%emt 0:00:15]} 4. Qc2 {[%emt 0:00:09]} O-O {[%emt 0:00:04]} 5. Nf3 {[%emt 0:00:13]} d5 {[%emt 0:00:27]} 6. cxd5 {[%emt 0:00:17]} exd5 {[%emt 0:00:03]} 7. Bf4 {[%emt 0:00:15]} c5 {[%emt 0:00:33]} 8. dxc5 {[%emt 0:00:41]} Ne4 {[%emt 0:01:04]} 9. e3 {[%emt 0:00:12]} Qa5 {[%emt 0:00:42]} 10. Bd3 {[%emt 0:00:49]} Nd7 {[%emt 0:03:37]} 11. c6 {[%emt 0:04:12]} bxc6 {[%emt 0:00:23]} 12. O-O {[%emt 0:00:31]} Bxc3 {[%emt 0:00:38]} 13. bxc3 {[%emt 0:00:14]} Ndc5 {[%emt 0:00:04]} 14. Ne5 {[%emt 0:03:43]} Nxd3 {[%emt 0:02:02]} 15. Qxd3 {[%emt 0:03:31]} Ba6 {[%emt 0:00:01]} 16. c4 {[%emt 0:00:04]} Rac8 {[%emt 0:00:01]} 17. Qd4 {[%emt 0:01:29]} f6 {[%emt 0:00:40]} 18. Nd7 {[%emt 0:00:54]} Bxc4 {[%emt 0:03:23]} 19. Nxf8 {[%emt 0:00:27]} Bxf1 {[%emt 0:00:02]} 20. Nxh7 {[%emt 0:00:14]} Bc4 {[%emt 0:02:25]} 21. f3 c5 22. Qb2 {[%emt 0:00:03]} Qc3 {[%emt 0:00:45]} 23. Rb1 {[%emt 0:00:25]} Qxb2 {[%emt 0:00:10]} 24. Rxb2 {[%emt 0:00:01]} Nc3 {[%emt 0:00:05]} 25. Nxf6+ {[%emt 0:00:11]} gxf6 {[%emt 0:00:02]} 26. Rb7 {[%emt 0:00:02]} Ne2+ {[%emt 0:00:44]} 27. Kf2 {[%emt 0:00:00]} Nxf4 {[%emt 0:00:01]} 28. exf4 {[%emt 0:00:01]} a6 {[%emt 0:00:01]} 29. g4 {[%emt 0:00:36]} d4 {[%emt 0:00:06]} 30. a3 {[%emt 0:00:10]} Bf7 {[%emt 0:00:23]} 31. Rd7 {[%emt 0:00:10]} c4 {[%emt 0:00:09]} 32. Rxd4 {[%emt 0:00:01]} c3 {[%emt 0:00:01]} 33. Rd1 {[%emt 0:00:02]} c2 {[%emt 0:00:01]} 34. Rc1 {[%emt 0:00:01]} Bb3 {[%emt 0:00:01]} 0-1

[Event "EIRCC 2019"]
[Site "Tallinn"]
[Date "2019.12.05"]
[Round "1.22"]
[White "Ruck, Robert"]
[Black "Yurasova, Daria"]
[Result "1-0"]
[WhiteElo "2551"]
[BlackElo "1954"]
[Annotator "ChessBase"]
[PlyCount "75"]
[EventDate "2019.12.05"]
[EventType "swiss"]
[EventCountry "EST"]
[SourceTitle "playchess.com"]
[Source "ChessBase"]
[SourceQuality "1"]
[TimeControl "900+10"]

1. Nf3 {[%emt 0:00:01]} d5 {[%emt 0:00:00]} 2. g3 {[%emt 0:00:02]} c6 {[%emt 0:00:00]} 3. Bg2 {[%emt 0:00:02]} Bg4 {[%emt 0:00:04]} 4. O-O {[%emt 0:00:13]} Nf6 {[%emt 0:00:16]} 5. c4 {[%emt 0:00:05]} e6 {[%emt 0:00:05]} 6. Qb3 {[%emt 0:00:10]} Qb6 {[%emt 0:01:37]} 7. Qc2 {[%emt 0:00:23]} Nbd7 {[%emt 0:00:48]} 8. d3 {[%emt 0:00:28]} Be7 {[%emt 0:00:29]} 9. b3 {[%emt 0:01:00]} O-O {[%emt 0:00:31]} 10. Nc3 {[%emt 0:00:32]} Qc7 {[%emt 0:01:23]} 11. Rb1 {[%emt 0:00:36]} a5 {[%emt 0:00:32]} 12. Bd2 {[%emt 0:00:20]} Rfd8 {[%emt 0:02:33]} 13. Qb2 {[%emt 0:01:55]} Nf8 {[%emt 0:02:07]} 14. Rfc1 {[%emt 0:01:13]} d4 {[%emt 0:00:39]} 15. Na4 {[%emt 0:00:31]} e5 {[%emt 0:00:03]} 16. c5 {[%emt 0:01:16]} N6d7 {[%emt 0:00:14]} 17. Rc2 {[%emt 0:00:30]} Be6 {[%emt 0:00:15]} 18. Qc1 {[%emt 0:03:31]} Bd5 {[%emt 0:00:09]} 19. Qe1 {[%emt 0:00:03]} Ne6 {[%emt 0:00:21]} 20. Rbc1 {[%emt 0:00:02]} Bf6 {[%emt 0:01:37]} 21. Bh3 {[%emt 0:01:30]} Re8 {[%emt 0:01:14]} 22. Bf5 {[%emt 0:00:14]} g6 {[%emt 0:00:31]} 23. Be4 {[%emt 0:00:02]} Bg7 {[%emt 0:00:29]} 24. Bxd5 {[%emt 0:00:55]} cxd5 {[%emt 0:00:01]} 25. c6 {[%emt 0:00:01]} bxc6 {[%emt 0:00:42]} 26. Rxc6 {[%emt 0:00:03]} Qa7 {[%emt 0:00:27]} 27. Ng5 {[%emt 0:00:25]} Ndf8 {[%emt 0:00:55]} 28. Nxe6 {[%emt 0:00:16]} Nxe6 {[%emt 0:00:01]} 29. Nb6 {[%emt 0:00:13]} Rad8 {[%emt 0:00:27]} 30. Bxa5 {[%emt 0:00:03]} e4 {[%emt 0:00:24]} 31. Nc8 {[%emt 0:00:08]} Qd7 {[%emt 0:00:15]} 32. Bxd8 {[%emt 0:00:10]} Nxd8 {[%emt 0:00:02]} 33. Rd6 {[%emt 0:00:47]} Qb7 {[%emt 0:00:10]} 34. Qf1 {[%emt 0:00:15]} Bf8 {[%emt 0:00:13]} 35. Rb6 {[%emt 0:00:21]} Qd7 {[%emt 0:00:01]} 36. Rb8 {[%emt 0:00:09]} Nc6 {[%emt 0:00:08]} 37. Nb6 {[%emt 0:00:03]} Qe7 {[%emt 0:00:16]} 38. Nxd5 {[%emt 0:00:06]} 1-0